Quiz de Moçambique - Statistics

Estatísticas Gerais
  • Esse quiz foi jogado 614 vezes
  • A pontuação média é 13 de 21
Estatísticas das Respostas
Dica Resposta % Correto
Língua oficial Português
94%
Único país que fala a língua acima na África que é maior que Moçambique Angola
92%
Países fazendo fronteira com Moçambique África do Sul
89%
Capital Maputo
85%
Países fazendo fronteira com Moçambique Tanzânia
84%
Países fazendo fronteira com Moçambique Zâmbia
84%
Países fazendo fronteira com Moçambique Zimbábue
83%
Ilha localizada a cerca de 200 km a leste de Moçambique Madagáscar
77%
Maior lago Lago Niassa
76%
Países fazendo fronteira com Moçambique Malawi
74%
Países fazendo fronteira com Moçambique Essuatíni
73%
Religião principal Cristianismo
69%
Explorador que visitou Moçambique em 1498 à caminho da Índia Vasco da Gama
69%
Fuzil de assalto retratado na bandeira nacional AK-47
62%
Colheita básica: uma raiz com amido Mandioca
51%
Futebolista nascido em Moçambique conhecido como "Pantera Negra" Eusébio
50%
Tipo de exportação principal: um metal Alumínio
37%
Rios mais longos que tocam Moçambique Zambeze
33%
Rios mais longos que tocam Moçambique Limpopo
18%
Segunda maior cidade Matola
18%
Ponto mais alto Monte {Binga}
16%
Nenhum quiz correspondente encontrado
Distribuição das Pontuações
Porcentagem de Pessoas com Cada Pontuação
Percentil de Números Respondidos
Sua Pontuação Histórica
Você não jogou esse quiz